Alle Hauptstädte der Welt mit einer Karte - Statistiken

Allgemein
  • Dieses Quiz wurde 23 mal gespielt
    17 seit der letzten Aktualisierung
  • Das Durchschnittsergebnis liegt bei 115 aus 199
Antworten auf der Karte
Die Antworten werden auf der Karte rot bzw. grün angezeigt, abhängig davon wie oft sie richtig erraten wurden.
 
Antwortstatistiken
Land Hauptstadt % Korrekt
Albanien Tirana
100%
Algerien Algier
92%
Niederlande Amsterdam
92%
Griechenland Athen
92%
Deutschland Berlin
92%
Schweiz Bern
92%
Brasilien Brasília
92%
Belgien Brüssel
92%
Ungarn Budapest
92%
Argentinien Buenos Aires
92%
Finnland Helsinki
92%
Ägypten Kairo
92%
Ukraine Kiew
92%
Dänemark Kopenhagen
92%
Peru Lima
92%
Portugal Lissabon
92%
Vereinigtes Königreich London
92%
Luxemburg Luxemburg
92%
Spanien Madrid
92%
Mexiko Mexiko-Stadt
92%
Belarus Minsk
92%
Monaco Monaco
92%
Uruguay Montevideo
92%
Russland Moskau
92%
Norwegen Oslo
92%
Frankreich Paris
92%
Lettland Riga
92%
San Marino San Marino
92%
Bulgarien Sofia
92%
Schweden Stockholm
92%
Estland Tallinn
92%
Vatikanstadt Vatikanstadt
92%
Polen Warschau
92%
Vereinigte Staaten Washington D.C.
92%
Österreich Wien
92%
Kroatien Zagreb
92%
Andorra Andorra la Vella
85%
Türkei Ankara
85%
Aserbaidschan Baku
85%
Thailand Bangkok
85%
Serbien Belgrad
85%
Kolumbien Bogotá
85%
Rumänien Bukarest
85%
Australien Canberra
85%
Moldawien Chisinau
85%
Katar Doha
85%
Irland Dublin
85%
Vietnam Hanoi
85%
Israel Jerusalem
85%
Südafrika Kapstadt
85%
Slowenien Ljubljana
85%
Indien Neu-Delhi
85%
Kanada Ottawa
85%
Panama Panama-Stadt
85%
China Peking
85%
Tschechien Prag
85%
Bosnien und Herzegowina Sarajevo
85%
Südkorea Seoul
85%
Singapur Singapur
85%
Japan Tokio
85%
Tunesien Tunis
85%
Litauen Vilnius
85%
Neuseeland Wellington
85%
Vereinigte Arabische Emirate Abu Dhabi
77%
Irak Bagdad
77%
Libanon Beirut
77%
Slowakei Bratislava
77%
Venezuela Caracas
77%
Kuba Havanna
77%
Afghanistan Kabul
77%
Kuwait Kuwait
77%
Zypern Nikosia
77%
Nordkorea Pjöngjang
77%
Kosovo Priština
77%
Ecuador Quito
77%
Island Reykjavík
77%
Saudi-Arabien Riad
77%
Italien Rom
77%
Chile Santiago de Chile
77%
Nordmazedonien Skopje
77%
Iran Teheran
77%
Liechtenstein Vaduz
77%
Kasachstan Astana
69%
Paraguay Asunción
69%
Indonesien Jakarta
69%
Malaysia Kuala Lumpur
69%
Philippinen Manila
69%
Montenegro Podgorica
69%
Haiti Port-au-Prince
69%
El Salvador San Salvador
69%
Bolivien Sucre
69%
Taiwan Taipeh
69%
Georgien Tiflis
69%
Malta Valletta
69%
Äthiopien Addis Abeba
62%
Senegal Dakar
62%
Syrien Damaskus
62%
Pakistan Islamabad
62%
Armenien Jerewan
62%
Nepal Kathmandu
62%
Bolivien La Paz
62%
Kenia Nairobi
62%
Südafrika Pretoria
62%
Marokko Rabat
62%
Usbekistan Taschkent
62%
Mongolei Ulaanbaatar
62%
Jordanien Amman
54%
Bangladesch Dhaka
54%
Osttimor Dili
54%
Guatemala Guatemala-Stadt
54%
Jamaika Kingston
54%
St. Vincent und die Grenadinen Kingstown
54%
Dem. Republik Kongo Kinshasa
54%
Jemen Sanaa
54%
Costa Rica San José
54%
Guinea-Bissau Bissau
46%
Dschibuti Dschibuti
46%
Angola Luanda
46%
Malediven Malé
46%
Oman Maskat
46%
Bahamas Nassau
46%
Trinidad und Tobago Port of Spain
46%
Dominikanische Republik Santo Domingo
46%
Libyen Tripolis
46%
Namibia Windhoek
46%
Ghana Accra
38%
Turkmenistan Asgabat
38%
Mali Bamako
38%
Belize Belmopan
38%
Republik Kongo Brazzaville
38%
Sri Lanka Colombo
38%
Simbabwe Harare
38%
Ruanda Kigali
38%
Togo Lomé
38%
Nicaragua Managua
38%
Bahrain Manama
38%
Somalia Mogadischu
38%
Suriname Paramaribo
38%
Kambodscha Phnom Penh
38%
Papua-Neuguinea Port Moresby
38%
Seychellen Victoria
38%
Nigeria Abuja
31%
Madagaskar Antananarivo
31%
Eritrea Asmara
31%
Gambia Banjul
31%
Kirgisistan Bischkek
31%
Südafrika Bloemfontein
31%
Barbados Bridgetown
31%
Tadschikistan Duschanbe
31%
Sierra Leone Freetown
31%
Guyana Georgetown
31%
Uganda Kampala
31%
Sudan Khartum
31%
Liberia Monrovia
31%
Myanmar Naypyidaw
31%
Burkina Faso Ouagadougou
31%
Mauritius Port Louis
31%
Kap Verde Praia
31%
São Tomé und Príncipe São Tomé
31%
Honduras Tegucigalpa
31%
Bhutan Thimphu
31%
Zentralafrikanische Republik Bangui
23%
Guinea Conakry
23%
Tansania Dodoma
23%
Tuvalu Funafuti
23%
Botswana Gaborone
23%
Südsudan Juba
23%
Gabun Libreville
23%
Mosambik Maputo
23%
Tschad N‘Djamena
23%
Palau Ngerulmud
23%
Mauretanien Nouakchott
23%
Antigua und Barbuda St. John‘s
23%
Fidschi Suva
23%
Laos Vientiane
23%
Nauru Yaren
23%
Samoa Apia
15%
Brunei Bandar Seri Begawan
15%
St. Kitts und Nevis Basseterre
15%
St. Lucia Castries
15%
Burundi Gitega
15%
Salomonen Honiara
15%
Malawi Lilongwe
15%
Sambia Lusaka
15%
Marshallinseln Majuro
15%
Eswatini Mbabane
15%
Niger Niamey
15%
Tonga Nuku‘alofa
15%
Föderierte Staaten von Mikronesien Palikir
15%
Benin Porto-Novo
15%
Vanuatu Port Vila
15%
Kiribati South Tarawa
15%
Grenada St. George‘s
15%
Elfenbeinküste Yamoussoukro
15%
Kamerun Yaoundé
15%
Äquatorialguinea Malabo
8%
Lesotho Maseru
8%
Dominica Roseau
8%
Benin Cotonou
0%
Keine übereinstimmenden Quizze gefunden
Verteilung der Resultate
Anzahl Personen mit jedem Resultat
Perzentil nach korrekt beantworteten Fragen
Ihre Resultats-Entwicklung
Sie haben dieses Quiz seit der letzten Aktualisierung nicht gespielt